| 000 | 00676nam a2200205Ia 4500 | ||
|---|---|---|---|
| 005 | 20220618105829.0 | ||
| 008 | 210716s1994 xx 000 0 und d | ||
| 020 | _a812030845X | ||
| 040 | _cAIMIT LIBRARY | ||
| 041 | _aeng | ||
| 082 |
_a511.42 _22 _bMATJ |
||
| 100 |
_aMathews, John H. _944011 |
||
| 245 |
_aNumerical methods: _bfor mathematics science and engineering / _cBy John H Mathews. |
||
| 250 | _a2nd ed. | ||
| 260 |
_aNew Delhi : _bPrentice Hall of India PVt Ltd , _c1994. |
||
| 300 |
_ax,646p. ; _c23.5 cm. |
||
| 650 |
_aSolution of partial differential equations _944012 |
||
| 650 |
_aEigenvalues and eigenvectors _944013 |
||
| 942 |
_2ddc _cBK _e2nd _k511.42 MATJ |
||
| 999 |
_c182832 _d182832 |
||